[Event "Summer Prague Open 2020 - A"]
[Site "Olympik hotel, Sokolovska 138, Praha"]
[Date "2020.08.09"]
[Round "2"]
[Board "24"]
[White "Pronk, Sven"]
[Black "Lorscheid, Gerhard"]
[Result "1-0"]
[WhiteElo "2062"]
[BlackElo "2239"]
[PlyCount "57"]
[EventDate "2020.08.08"]
[EventRounds "9"]
[EventCountry "CZE"]

1. d4 d6 2. e4 Nf6 3. Nc3 g6 4. f4 Bg7 5. Nf3 O-O 6. e5 dxe5 7. fxe5 Nd5 8. Bc4
Nxc3 9. bxc3 c5 10. O-O Nc6 11. Be3 Qa5 12. Qe1 Bg4 13. Ng5 cxd4 14. Qh4 h5 15.
Bxd4 Nxe5 16. Bb3 Bh6 17. Nxf7 Nxf7 18. Qxe7 Bf5 19. Qf6 Kh7 20. Bxf7 Rae8 21.
Rae1 Rxe1 22. Rxe1 Qa3 23. Bg8+ Rxg8 24. Re7+ Qxe7 25. Qxe7+ Bg7 26. Qxb7 a5
27. Qa7 Bxc2 28. Qxa5 Be4 29. Qc7  1-0

[Event "Summer Prague Open 2020 - A"]
[Site "Olympik hotel, Sokolovska 138, Praha"]
[Date "2020.08.09"]
[Round "2"]
[Board "25"]
[White "Nehyba, Martin"]
[Black "Toman, Ondrej"]
[Result "1-0"]
[WhiteElo "2060"]
[BlackElo "2233"]
[PlyCount "85"]
[EventDate "2020.08.08"]
[EventRounds "9"]
[EventCountry "CZE"]

1. e4 c6 2. d4 d5 3. exd5 cxd5 4. Bf4 Nc6 5. Nc3 Bf5 6. Bd3 Bxd3 7. Qxd3 e6 8.
Nf3 Bd6 9. Bxd6 Qxd6 10. Nb5 Qe7 11. Qa3 Qxa3 12. Nxa3 Nf6 13. c3 Rb8 14. Nc2
b5 15. a3 Ne4 16. Nd2 Nxd2 17. Kxd2 Ke7 18. Nb4 Na5 19. Kc2 Rhc8 20. a4 Kf6 21.
Na6 Rb6 22. Nc5 Rc7 23. b4 Nc4 24. axb5 Rxb5 25. Ra6 Rb6 26. Ra2 Nd6 27. Rha1
Nb5 28. Ra6 Kf5 29. R1a5 Rxa6 30. Rxa6 h5 31. Kd3 e5 32. Ra5 Nd6 33. Na6 Rc6
34. Nb8 e4+ 35. Kc2 Rb6 36. Rxd5+ Kf4 37. Nd7 Ra6 38. Kb3 Ne8 39. Rxh5 g5 40.
Rh7 f5 41. Ne5 g4 42. g3+ Kg5 43. Nf7+  1-0

[Event "Summer Prague Open 2020 - A"]
[Site "Olympik hotel, Sokolovska 138, Praha"]
[Date "2020.08.09"]
[Round "2"]
[Board "26"]
[White "Schernthaner, David"]
[Black "Vrecion, Jiri"]
[Result "1-0"]
[WhiteElo "2215"]
[BlackElo "2041"]
[PlyCount "97"]
[EventDate "2020.08.08"]
[EventRounds "9"]
[EventCountry "CZE"]

1. e4 e6 2. d4 d5 3. Nd2 dxe4 4. Nxe4 Bd7 5. c4 Bc6 6. Nc3 Nf6 7. Be3 Be7 8.
Nf3 Bxf3 9. Qxf3 c6 10. O-O-O O-O 11. g4 Qa5 12. Kb1 h5 13. gxh5 Qxh5 14. Qxh5
Nxh5 15. d5 exd5 16. cxd5 Rd8 17. Bg2 Nf6 18. h3 Kf8 19. dxc6 Rxd1+ 20. Rxd1
Nxc6 21. Na4 Rc8 22. Rc1 Ke8 23. b3 Kd8 24. Bxc6 Rxc6 25. Rxc6 bxc6 26. Bxa7
Ne4 27. Be3 f5 28. f3 Ng3 29. Kc2 Bd6 30. Kd3 Kc7 31. Nc5 Nh5 32. Ne6+ Kd7 33.
Nd4 g6 34. a4 Nf6 35. Ne2 Nd5 36. Bf2 Be5 37. Kc4 Kd6 38. b4 Kc7 39. b5 Ne7 40.
Bg3 Bxg3 41. Nxg3 Nd5 42. Ne2 g5 43. Kc5 g4 44. hxg4 fxg4 45. fxg4 Nf6 46. bxc6
Nxg4 47. Nf4 Ne5 48. Nd5+ Kc8 49. a5  1-0

[Event "Summer Prague Open 2020 - A"]
[Site "Olympik hotel, Sokolovska 138, Praha"]
[Date "2020.08.09"]
[Round "2"]
[Board "27"]
[White "Mueer, Sebastian"]
[Black "Laurincova, Kristyna"]
[Result "1-0"]
[WhiteElo "2210"]
[BlackElo "2008"]
[PlyCount "55"]
[EventDate "2020.08.08"]
[EventRounds "9"]
[EventCountry "CZE"]

1. e4 c5 2. Nf3 d6 3. d4 cxd4 4. Nxd4 Nf6 5. Nc3 a6 6. Bg5 e6 7. f4 Be7 8. Qf3
h6 9. Bh4 Nbd7 10. O-O-O Qc7 11. Bd3 b5 12. e5 Bb7 13. Nxe6 fxe6 14. Bg6+ Kd8
15. Qh3 Nd5 16. Qxe6 Nf8 17. Qf7 Nxg6 18. exd6 Qc4 19. dxe7+ Kc8 20. e8=R+ Rxe8
21. Qxe8+ Kc7 22. Qxg6 Qxf4+ 23. Rd2 Nxc3 24. Qxg7+ Kb8 25. Qxc3 Qxh4 26. Qe5+
Ka7 27. Qc5+ Kb8 28. Rf1  1-0

[Event "Summer Prague Open 2020 - A"]
[Site "Olympik hotel, Sokolovska 138, Praha"]
[Date "2020.08.09"]
[Round "2"]
[Board "28"]
[White "Golbach, Floris"]
[Black "Mukashev, Assan"]
[Result "1/2-1/2"]
[WhiteElo "2006"]
[BlackElo "2207"]
[PlyCount "61"]
[EventDate "2020.08.08"]
[EventRounds "9"]
[EventCountry "CZE"]

1. d4 d5 2. c4 c6 3. Nc3 Nf6 4. e3 a6 5. Nf3 b5 6. b3 g6 7. Bd3 Bg7 8. O-O Nbd7
9. Re1 O-O 10. Bb2 Re8 11. h3 Bb7 12. Rc1 Rc8 13. e4 b4 14. Na4 dxe4 15. Bxe4
Nxe4 16. Rxe4 c5 17. d5 e6 18. dxe6 fxe6 19. Re3 Qc7 20. Bxg7 Kxg7 21. Qe2 e5
22. Nd2 Nf6 23. f3 Re7 24. Re1 Rce8 25. Nb2 Kh6 26. Nd3 e4 27. fxe4 Bxe4 28.
Nxe4 Rxe4 29. Qf2 Rxe3 30. Rxe3 Rxe3 31. Qxe3+  1/2-1/2

[Event "Summer Prague Open 2020 - A"]
[Site "Olympik hotel, Sokolovska 138, Praha"]
[Date "2020.08.09"]
[Round "2"]
[Board "29"]
[White "Ouaki, Mark"]
[Black "Vorisek, Jakub"]
[Result "0-1"]
[WhiteElo "2004"]
[BlackElo "2205"]
[PlyCount "132"]
[EventDate "2020.08.08"]
[EventRounds "9"]
[EventCountry "CZE"]

1. e4 e6 2. d4 d5 3. Nc3 Bb4 4. exd5 exd5 5. Bd3 Nf6 6. a3 Bd6 7. Bg5 c6 8. Qf3
Nbd7 9. Qe3+ Qe7 10. Qxe7+ Kxe7 11. Nce2 Nf8 12. Ng3 g6 13. O-O-O h6 14. Re1+
Ne6 15. Bd2 Bd7 16. Nf3 Kf8 17. c3 Kg7 18. Ne5 c5 19. Be3 Bxe5 20. dxe5 Ng4 21.
Bc2 Nxe3 22. Rxe3 Rac8 23. Rf3 d4 24. Be4 b5 25. Bd5 b4 26. cxd4 cxd4+ 27. Kd2
Rc5 28. Bxe6 Bxe6 29. Rd3 Rhc8 30. Rxd4 Rc2+ 31. Ke3 bxa3 32. bxa3 R8c3+ 33.
Rd3 Rxd3+ 34. Kxd3 Rxf2 35. Re1 Rxg2 36. Re2 Rg1 37. Kd4 h5 38. Ne4 h4 39. Nc5
Bg4 40. Rb2 Bf3 41. e6 fxe6 42. Nxe6+ Kf6 43. Rf2 Kxe6 44. Rxf3 Rg2 45. Ke4
Rxh2 46. Rc3 Kd6 47. Rc8 Rg2 48. Ra8 Rg4+ 49. Kf3 Rg3+ 50. Kf4 Rxa3 51. Kg4 h3
52. Rg8 h2 53. Rxg6+ Kd5 54. Rh6 Ra2 55. Kf3 Kd4 56. Rd6+ Kc3 57. Rc6+ Kb3 58.
Rh6 a5 59. Rb6+ Ka3 60. Rh6 a4 61. Rh7 Rb2 62. Ke3 Ka2 63. Kd3 a3 64. Kc3 Kb1
65. Rh3 a2 66. Rd3 h1=Q  0-1

[Event "Summer Prague Open 2020 - A"]
[Site "Olympik hotel, Sokolovska 138, Praha"]
[Date "2020.08.09"]
[Round "2"]
[Board "30"]
[White "Kratochvil, Vit"]
[Black "Grapsa, Georgia"]
[Result "1/2-1/2"]
[WhiteElo "2205"]
[BlackElo "1989"]
[PlyCount "96"]
[EventDate "2020.08.08"]
[EventRounds "9"]
[EventCountry "CZE"]

1. e4 c5 2. Nf3 d6 3. d4 cxd4 4. Nxd4 Nf6 5. Nc3 a6 6. Qf3 g6 7. h3 Bg7 8. Be3
O-O 9. O-O-O Bd7 10. Nd5 Nc6 11. g4 Rc8 12. Kb1 b5 13. Bg2 Ne5 14. Qe2 Nc4 15.
Bc1 e5 16. Nxf6+ Bxf6 17. Nb3 Be6 18. h4 a5 19. g5 Bg7 20. Bh3 a4 21. Bxe6 fxe6
22. Nd2 a3 23. b3 Nb2 24. Bxb2 axb2 25. Kxb2 Qa5 26. Nb1 d5 27. h5 Rf4 28. f3
b4 29. hxg6 hxg6 30. Rd3 Ra8 31. a4 bxa3+ 32. Ka2 Rc8 33. Qh2 Kf7 34. Rhd1 Rh8
35. Qd2 Qxd2 36. R1xd2 d4 37. Kxa3 Ra8+ 38. Kb2 Bf8 39. Rh2 Kg7 40. c3 Bc5 41.
b4 dxc3+ 42. Kxc3 Bd4+ 43. Kb3 Ra1 44. Nc3 Rf7 45. Nb5 Rb1+ 46. Kc4 Rc1+ 47.
Kb3 Rb1+ 48. Kc4 Rc1+  1/2-1/2

[Event "Summer Prague Open 2020 - B"]
[Site "Olympik hotel, Sokolovska 138,"]
[Date "2020.08.09"]
[Round "2"]
[White "Bauer, Jan"]
[Black "Herter, Arne"]
[Result "1-0"]
[WhiteElo "1924"]
[BlackElo "1613"]
[Annotator "Stanice"]
[PlyCount "115"]
[EventDate "2020.08.08"]

1. e4 e5 2. Nf3 Nc6 3. d4 exd4 4. Bc4 Bc5 5. c3 Nf6 6. e5 d5 7. exf6 dxc4 8.
fxg7 Rg8 9. Bh6 Qf6 10. Qd2 Bg4 11. Nxd4 Nxd4 12. cxd4 Bxd4 13. Nc3 $11 O-O-O
14. Be3 Bxe3 15. Qxe3 Rde8 16. Ne4 Qxb2 17. O-O f5 18. Qxa7 fxe4 19. Rab1 Qe5
20. Rxb7 Qd6 21. Rfb1 Kd7 22. Rxc7+ Qxc7 23. Rb7 Qxb7 24. Qxb7+ Ke6 25. Qxe4+
Kd6 26. Qd4+ Kc7 27. Qxc4+ Kd8 28. f3 Be6 29. Qd3+ Ke7 30. Qxh7 Bxa2 31. f4 Kf7
32. g4 Rxg7 33. Qf5+ Kg8 34. h3 Be6 35. Qe5 Kf7 36. f5 Bxf5 37. Qxf5+ Kg8 38.
Kg2 Re2+ 39. Kf3 Re8 40. Kg3 Re3+ 41. Kg2 Re2+ 42. Kf3 Re8 43. Qd5+ Rf7+ 44.
Kg3 Kf8 45. g5 Rfe7 46. h4 Re3+ 47. Kf4 Re1 48. g6 Rf1+ 49. Kg5 Ke7 50. Qe4+
Kf8 51. g7+ Kxg7 52. Qxe8 Rg1+ 53. Kh5 Kh7 54. Qe4+ Kg8 55. Kh6 Rf1 56. Qe8+
Rf8 57. Qg6+ Kh8 58. Qg7# 1-0

[Event "Summer Prague Open 2020 - B"]
[Site "Olympik hotel, Sokolovska 138,"]
[Date "2020.08.09"]
[Round "2"]
[White "Svanda, Adam"]
[Black "Akerman, Jan"]
[Result "1-0"]
[WhiteElo "1852"]
[BlackElo "1576"]
[PlyCount "109"]
[EventDate "2020.08.08"]

1. c4 e5 2. Nc3 Nf6 3. g3 d6 4. Bg2 Nc6 5. Nf3 Be7 6. O-O O-O 7. d3 Rb8 8. Rb1
Re8 9. b4 Bf8 10. b5 Ne7 11. Qa4 Ra8 12. Bg5 Ng6 13. Bxf6 Qxf6 14. b6 Qd8 15.
Nd5 Bd7 16. bxc7 Bxa4 17. cxd8=Q Rexd8 18. Rxb7 Bc6 19. Rc7 Bxd5 20. cxd5 Rdb8
21. Rfc1 Rb2 22. R7c2 Rab8 23. Nd2 Ne7 24. Nb3 Rxc2 25. Rxc2 Rb5 26. e4 f5 27.
Rc7 fxe4 28. dxe4 a6 29. Ra7 Rb6 30. Bf1 Nc8 31. Ra8 Ne7 32. Rxa6 Rxa6 33. Bxa6
Kf7 34. Kg2 Ke8 35. f4 exf4 36. gxf4 Kd7 37. Nd4 g6 38. Ne6 Bh6 39. a4 Nc8 40.
a5 Na7 41. Bb7 Ke7 42. a6 Bf8 43. Nd4 Kd7 44. Nc6 Nb5 45. a7 Nxa7 46. Nxa7 Kc7
47. Bc6 Kb6 48. Nb5 Kc5 49. Nc7 Be7 50. Ne6+ Kb6 51. Ng5 h6 52. Nf7 Bf8 53. Kf3
Kc5 54. e5 h5 55. exd6 1-0

[Event "Summer Prague Open 2020 - B"]
[Site "Olympik hotel, Sokolovska 138,"]
[Date "2020.08.09"]
[Round "2"]
[White "Haubold, Christian Lucas"]
[Black "Svetly, Jiri"]
[Result "1-0"]
[WhiteElo "1572"]
[BlackElo "1835"]
[PlyCount "125"]
[EventDate "2020.08.08"]

1. e4 d6 2. d4 Nf6 3. Nc3 g6 4. Nf3 Bg7 5. Be2 O-O 6. O-O e5 7. dxe5 dxe5 8. h3
c6 9. Be3 Qc7 10. Qc1 Nbd7 11. a4 a5 12. Rd1 Re8 13. Qd2 Rb8 14. Bc4 Nb6 15.
Bb3 Be6 16. Qd6 Qxd6 17. Rxd6 Nc4 18. Rxe6 Rxe6 19. Bxc4 Re7 20. Bc5 Rbe8 21.
Bxe7 Rxe7 22. Rd1 h6 23. Rd8+ Re8 24. Rxe8+ Nxe8 25. Nd2 Bf8 26. Nb3 b6 27. Nd2
Nc7 28. Bd3 f6 29. Nc4 Bc5 30. Nb1 Kf7 31. Nbd2 Na8 32. Nb3 Bf8 33. Ne3 Nc7 34.
c4 Ne6 35. c5 Bxc5 36. Nxc5 Nxc5 37. Bc2 Ke7 38. Nc4 Nd7 39. Bd1 h5 40. h4 Ke6
41. Ne3 Nc5 42. Bc2 b5 43. axb5 cxb5 44. Nd5 b4 45. b3 a4 46. bxa4 b3 47. Bd1
b2 48. Nc3 Nxe4 49. Nb1 Nc5 50. Kf1 Kd5 51. f3 Kc4 52. Ke2 f5 53. Bc2 Ne6 54.
g3 Nd4+ 55. Kd1 Kb4 56. Nd2 Ne6 57. a5 Kxa5 58. Nc4+ Kb4 59. Nxe5 Kc3 60. Nxg6
Nd4 61. Bb1 Nxf3 62. Nf4 Nd2 63. Ne2+ 1-0

[Event "Summer Prague Open 2020 - B"]
[Site "Olympik hotel, Sokolovska 138,"]
[Date "2020.08.09"]
[Round "2"]
[White "Pejrimovska, Viola Ruby"]
[Black "Spanton, Tim R"]
[Result "1/2-1/2"]
[WhiteElo "1569"]
[BlackElo "1831"]
[PlyCount "101"]
[EventDate "2020.08.08"]

1. e4 c5 2. b4 cxb4 3. a3 e5 4. Nf3 Nc6 5. Bc4 Nf6 6. d3 Be7 7. O-O O-O 8. axb4
Bxb4 9. c3 Be7 10. Re1 d6 11. Nbd2 Qc7 12. Bb2 Bg4 13. Nf1 d5 14. Bxd5 Nxd5 15.
exd5 Nb8 16. h3 Bxf3 17. Qxf3 Nd7 18. c4 a6 19. Ne3 g6 20. Ng4 f6 21. Qe2 Bb4
22. Reb1 a5 23. d4 Rae8 24. dxe5 Nxe5 25. Nxe5 fxe5 26. Ba3 Bxa3 27. Rxa3 Rf4
28. Qa2 Rxc4 29. d6 Qf7 30. Rxb7 Qxb7 31. Qxc4+ Qf7 32. d7 Rd8 33. Qxf7+ Kxf7
34. Rxa5 Ke6 35. Ra6+ Ke7 36. Kf1 Rxd7 37. Ke2 Rd6 38. Ra7+ Rd7 39. Rxd7+ Kxd7
40. Kf3 Ke6 41. Ke4 h6 42. h4 h5 43. f3 Kd6 44. Kd3 Kd5 45. g3 Kd6 46. Ke4 Ke6
47. g4 hxg4 48. fxg4 Kd6 49. h5 gxh5 50. gxh5 Ke6 51. h6 1/2-1/2

[Event "Summer Prague Open 2020 - B"]
[Site "Olympik hotel, Sokolovska 138,"]
[Date "2020.08.09"]
[Round "2"]
[White "Vargas Drechsler, Carlos"]
[Black "Istel, Oldrich"]
[Result "1-0"]
[WhiteElo "1829"]
[BlackElo "1568"]
[PlyCount "73"]
[EventDate "2020.08.08"]

1. e4 e5 2. Nf3 Nc6 3. Bc4 h6 4. d4 d6 5. dxe5 dxe5 6. Qxd8+ Nxd8 7. Nxe5 Be6
8. Bxe6 Nxe6 9. Be3 Bd6 10. Nc4 Bc5 11. Bxc5 Nxc5 12. Nc3 Nf6 13. f3 O-O 14.
O-O-O Rfd8 15. Rxd8+ Rxd8 16. Rd1 Rxd1+ 17. Kxd1 a6 18. Kd2 Kf8 19. Nd5 Nxd5
20. exd5 Ke7 21. b3 b5 22. Ne3 b4 23. Nf5+ Kf6 24. Nd4 a5 25. Nc6 Nb7 26. Kd3
Kf5 27. Kd4 g5 28. g3 h5 29. Ne5 f6 30. Nc6 Kg6 31. Na7 f5 32. Nb5 f4 33. gxf4
gxf4 34. Nxc7 Kf5 35. Nb5 Kg5 36. Nc7 Kh4 37. Ne6 1-0

[Event "Summer Prague Open 2020 - B"]
[Site "Olympik hotel, Sokolovska 138,"]
[Date "2020.08.09"]
[Round "2"]
[White "Krueger, Thomas"]
[Black "Arnold, Frieda"]
[Result "0-1"]
[WhiteElo "1558"]
[BlackElo "1789"]
[PlyCount "48"]
[EventDate "2020.08.08"]

1. d4 Nf6 2. Nf3 g6 3. e3 Bg7 4. Bd3 d6 5. O-O O-O 6. Nbd2 c5 7. c3 Nc6 8. Re1
Nh5 9. d5 Ne5 10. Nxe5 Bxe5 11. g4 Nf6 12. f4 Bxg4 13. Qb3 e6 14. fxe5 Nxd5 15.
Nf1 Qg5 16. Ng3 Qxe5 17. e4 Nf4 18. Qc2 Nh3+ 19. Kg2 f5 20. Bh6 f4 21. Bxf8
Rxf8 22. Nf1 f3+ 23. Kh1 f2 24. Re3 Qg5 0-1

[Event "Summer Prague Open 2020 - B"]
[Site "Olympik hotel, Sokolovska 138,"]
[Date "2020.08.09"]
[Round "2"]
[White "Schernthaner, Markus"]
[Black "Karlsson, Peter 1965"]
[Result "0-1"]
[WhiteElo "1553"]
[BlackElo "1759"]
[PlyCount "130"]
[EventDate "2020.08.08"]

1. e4 d5 2. exd5 Nf6 3. Bb5+ Bd7 4. Be2 Nxd5 5. d4 c6 6. Nf3 Bg4 7. h3 Bxf3 8.
Bxf3 e6 9. O-O Be7 10. c4 Nb6 11. b3 O-O 12. Be3 N8d7 13. Nc3 Nf6 14. Re1 Qc7
15. Qc2 h6 16. a3 Rfe8 17. Ne2 Nbd7 18. Bf4 Bd6 19. Bxd6 Qxd6 20. Ng3 Qxd4 21.
Rad1 Qb6 22. Rd6 Rad8 23. Red1 Ne5 24. Be2 Rxd6 25. Rxd6 Qa5 26. Qc1 Qc5 27.
Rd2 a5 28. Qc3 Ng6 29. b4 axb4 30. axb4 Qe5 31. Qa3 Qb8 32. Qc3 Rd8 33. Ra2 Qd6
34. Ra7 b6 35. Ra6 c5 36. b5 Ne5 37. Qa1 Rb8 38. Qa3 Qd4 39. Ra8 Rxa8 40. Qxa8+
Kh7 41. Qb8 Ned7 42. Qb7 Qa1+ 43. Kh2 Qe1 44. Bd3+ g6 45. Ne4 Kg7 46. Nxf6 Nxf6
47. Qxb6 Qxf2 48. Qd6 Qh4 49. Qe5 Kg8 50. Kg1 Nd7 51. Qd6 Qe1+ 52. Kh2 Qe5+ 53.
Qxe5 Nxe5 54. b6 Kf8 55. Kg3 Ke7 56. b7 Nd7 57. Kf2 f5 58. g4 Kd6 59. Be2 e5
60. gxf5 gxf5 61. Bh5 e4 62. Bf7 Ke5 63. Bd5 f4 64. Bc6 Nb8 65. Ke2 Nxc6 0-1

[Event "Summer Prague Open 2020 - B"]
[Site "Olympik hotel, Sokolovska 138,"]
[Date "2020.08.09"]
[Round "2"]
[White "Hochscheidt, Lukas"]
[Black "Kosar, Milan"]
[Result "1-0"]
[WhiteElo "1754"]
[BlackElo "1553"]
[PlyCount "21"]
[EventDate "2020.08.08"]

1. d4 Nf6 2. Bg5 e6 3. Nc3 Be7 4. f3 h6 5. Bh4 d5 6. Qd2 Ne4 7. Bxe7 Nxd2 8.
Bxd8 Nxf1 9. Bxc7 Ne3 10. Kd2 Nxg2 11. h4 1-0

[Event "Summer Prague Open 2020 - B"]
[Site "Olympik hotel, Sokolovska 138,"]
[Date "2020.08.09"]
[Round "2"]
[White "Licka, Denis"]
[Black "Nespor, Ivan"]
[Result "1-0"]
[WhiteElo "1545"]
[BlackElo "1703"]
[PlyCount "63"]
[EventDate "2020.08.08"]

1. e4 e5 2. Nf3 Nc6 3. Bb5 a6 4. Ba4 Nf6 5. d3 b5 6. Bb3 Be7 7. O-O O-O 8. Re1
d5 9. Nbd2 h6 10. c3 Bg4 11. a4 Qd6 12. exd5 Nxd5 13. Ne4 Qd7 14. h3 Be6 15. d4
f5 16. Ng3 e4 17. Ne5 Nxe5 18. dxe5 c5 19. Bxd5 Bxd5 20. axb5 axb5 21. Rxa8
Rxa8 22. Nxf5 Rd8 23. Qg4 Bf8 24. Nxh6+ Kh7 25. Qxd7 Rxd7 26. Nf5 g6 27. Ng3
Bg7 28. Nxe4 Bxe4 29. Rxe4 Rd1+ 30. Kh2 Rxc1 31. e6 b4 32. e7 1-0

[Event "Summer Prague Open 2020 - B"]
[Site "Olympik hotel, Sokolovska 138,"]
[Date "2020.08.09"]
[Round "2"]
[White "Kormanos, Samuel"]
[Black "von Lossow, Marcus"]
[Result "0-1"]
[WhiteElo "1544"]
[BlackElo "1685"]
[Annotator "Stanice"]
[PlyCount "92"]
[EventDate "2020.08.08"]

1. d4 d5 2. c4 c6 3. Nc3 Nf6 4. Bf4 Bf5 5. Nf3 e6 6. e3 Be7 7. a4 O-O 8. Nh4
Ne4 9. Nxf5 exf5 10. Bd3 Bd6 11. Bxd6 Qxd6 12. cxd5 Nxc3 13. bxc3 Qxd5 14. O-O
Nd7 15. Qd2 g6 16. Rab1 b6 17. Rfe1 Rfe8 18. e4 fxe4 19. Bxe4 Qd6 20. Re2 Nf6
21. Rbe1 Re7 22. f3 Rae8 23. Qd3 c5 24. g3 cxd4 25. Qxd4 Qxd4+ 26. cxd4 Rd8 27.
Rd2 Red7 28. Red1 Rd6 29. d5 Rc8 30. Rd4 Kg7 31. Kf2 Nd7 32. f4 f5 33. Bd3 Rc5
34. Bb5 Nf6 35. Bc6 Rc2+ 36. Kg1 Ne4 37. Bb5 Rc5 38. Bc6 Nc3 39. R1d2 Kf7 40.
Kf1 Ne4 41. Rd1 $11 Ke7 42. g4 Rc2 43. Kg1 Kd8 44. gxf5 gxf5 45. Bb5 Rg6+ 46.
Kf1 Rf2+ 0-1

[Event "Summer Prague Open 2020 - A"]
[Site "Olympik hotel, Sokolovska 138, Praha"]
[Date "2020.08.09"]
[Round "3"]
[Board "1"]
[White "Christiansen, Johan-Sebastian"]
[Black "Kusa, Jakub"]
[Result "1-0"]
[WhiteElo "2616"]
[BlackElo "2239"]
[PlyCount "47"]
[EventDate "2020.08.08"]
[EventRounds "9"]
[EventCountry "CZE"]

1. e4 e5 2. Nf3 Nc6 3. Bb5 a6 4. Ba4 Nf6 5. O-O Nxe4 6. Re1 Nc5 7. Bxc6 dxc6 8.
Nxe5 Be7 9. d4 Ne6 10. Be3 O-O 11. c4 f6 12. Nf3 Re8 13. Nc3 c5 14. dxc5 Bxc5
15. Bxc5 Nxc5 16. Qd5+ Ne6 17. Nd4 Qe7 18. Nxe6 c6 19. Nc7+ cxd5 20. Rxe7 Rxe7
21. Nxa8 d4 22. Nd5 Re2 23. Kf1 Rxb2 24. Ne7+  1-0

[Event "Summer Prague Open 2020 - A"]
[Site "Olympik hotel, Sokolovska 138, Praha"]
[Date "2020.08.09"]
[Round "3"]
[Board "2"]
[White "Pribyl, Viktor"]
[Black "Plat, Vojtech"]
[Result "0-1"]
[WhiteElo "2221"]
[BlackElo "2566"]
[PlyCount "62"]
[EventDate "2020.08.08"]
[EventRounds "9"]
[EventCountry "CZE"]

1. e4 e5 2. Nf3 Nc6 3. d4 exd4 4. Nxd4 Nf6 5. Nxc6 bxc6 6. e5 Qe7 7. Qe2 Nd5 8.
c4 Nb6 9. b3 a5 10. Nd2 a4 11. Bb2 axb3 12. axb3 Rxa1+ 13. Bxa1 Qa3 14. Qd1 Bb4
15. Bd3 Qa2 16. Bc2 Qa5 17. Ke2 Ba6 18. Bd3 d5 19. exd6 O-O 20. Nf3 Re8+ 21.
Kf1 cxd6 22. g3 Bb7 23. c5 Qxc5 24. Bd4 Qh5 25. Kg2 c5 26. Bb2 Nd5 27. h3 Re3
28. Be2 Qf5 29. Bc1 Nc3 30. Qxd6 Bxf3+ 31. Kh2 Re8  0-1

[Event "Summer Prague Open 2020 - A"]
[Site "Olympik hotel, Sokolovska 138, Praha"]
[Date "2020.08.09"]
[Round "3"]
[Board "3"]
[White "Petr, Martin"]
[Black "Schernthaner, David"]
[Result "1-0"]
[WhiteElo "2464"]
[BlackElo "2215"]
[PlyCount "109"]
[EventDate "2020.08.08"]
[EventRounds "9"]
[EventCountry "CZE"]

1. e4 c5 2. Be2 Nc6 3. f4 e6 4. Nf3 d5 5. d3 Nf6 6. e5 Ng8 7. c3 Nh6 8. Na3 Nf5
9. Nc2 Be7 10. O-O h5 11. Ne3 Nxe3 12. Bxe3 g6 13. d4 cxd4 14. cxd4 Bd7 15. a3
b5 16. Bxb5 Nxe5 17. fxe5 Bxb5 18. Rf2 h4 19. a4 Ba6 20. b4 Bc4 21. b5 a6 22.
bxa6 Rxa6 23. Nd2 Rh5 24. Nxc4 dxc4 25. Qf1 Rf5 26. Qxc4 Rxf2 27. Bxf2 Qa8 28.
h3 Kf8 29. Be3 Kg7 30. Bd2 Rc6 31. Qd3 Bd8 32. a5 Ra6 33. Kh1 Qa7 34. d5 exd5
35. Qxd5 Bc7 36. Bc3 Re6 37. Qd7 Bb8 38. Qxa7 Bxa7 39. a6 g5 40. g3 hxg3 41.
Be1 Kg6 42. Bxg3 f6 43. exf6 Kxf6 44. Ra2 g4 45. h4 Kg6 46. Kg2 Rf6 47. Ra4 Kh5
48. Ra5+ Kh6 49. Be5 Rc6 50. Kg3 Kg6 51. h5+ Kf7 52. Kxg4 Ke7 53. Bf4 Kf6 54.
h6 Kg6 55. Rg5+  1-0

[Event "Summer Prague Open 2020 - A"]
[Site "Olympik hotel, Sokolovska 138, Praha"]
[Date "2020.08.09"]
[Round "3"]
[Board "4"]
[White "Mueer, Sebastian"]
[Black "Cernousek, Lukas"]
[Result "1/2-1/2"]
[WhiteElo "2210"]
[BlackElo "2463"]
[PlyCount "36"]
[EventDate "2020.08.08"]
[EventRounds "9"]
[EventCountry "CZE"]

1. Nf3 c5 2. c4 Nc6 3. Nc3 g6 4. e3 Nf6 5. d4 cxd4 6. exd4 d5 7. cxd5 Nxd5 8.
Qb3 Nxc3 9. Bc4 Nd5 10. Bxd5 e6 11. Bxc6+ bxc6 12. O-O Qd5 13. Qc3 Bb7 14. Be3
Bd6 15. Rfc1 O-O 16. Qc4 f6 17. Nd2 Rae8 18. Nb3 Rf7  1/2-1/2

[Event "Summer Prague Open 2020 - A"]
[Site "Olympik hotel, Sokolovska 138, Praha"]
[Date "2020.08.09"]
[Round "3"]
[Board "5"]
[White "Schnider, Gert"]
[Black "Houska, Jiri"]
[Result "1-0"]
[WhiteElo "2427"]
[BlackElo "2202"]
[PlyCount "73"]
[EventDate "2020.08.08"]
[EventRounds "9"]
[EventCountry "CZE"]

1. e4 c5 2. Nf3 d6 3. d4 cxd4 4. Nxd4 Nf6 5. Nc3 g6 6. Be3 Bg7 7. f3 O-O 8. Qd2
Nc6 9. O-O-O d5 10. exd5 Nxd5 11. Nxc6 bxc6 12. Bd4 Bxd4 13. Qxd4 Qb6 14. Na4
Qa5 15. b3 Bf5 16. Qc5 Qxc5 17. Nxc5 Nc3 18. Re1 Nxa2+ 19. Kb2 Nb4 20. c3 Nd5
21. c4 Nb4 22. g4 Be6 23. h3 a5 24. Ra1 Rfd8 25. Kc3 Bc8 26. Be2 Kf8 27. Ra3
Na6 28. Rxa5 Nc7 29. Rxa8 Nxa8 30. Ra1 Nb6 31. Ra7 Ke8 32. f4 Rd6 33. Kb4 Rf6
34. Ka5 Nxc4+ 35. Bxc4 Rxf4 36. Ra8 Kd8 37. Ba6  1-0

[Event "Summer Prague Open 2020 - A"]
[Site "Olympik hotel, Sokolovska 138, Praha"]
[Date "2020.08.09"]
[Round "3"]
[Board "6"]
[White "Vorisek, Jakub"]
[Black "Roseneck, Jonas"]
[Result "0-1"]
[WhiteElo "2205"]
[BlackElo "2416"]
[PlyCount "112"]
[EventDate "2020.08.08"]
[EventRounds "9"]
[EventCountry "CZE"]

1. e4 c5 2. Nf3 d6 3. d4 cxd4 4. Nxd4 Nf6 5. Nc3 a6 6. a3 e5 7. Nf5 d5 8. Bg5
d4 9. Bxf6 gxf6 10. Ne2 Bxf5 11. exf5 Qa5+ 12. Qd2 Qb6 13. b4 Nc6 14. g3 a5 15.
bxa5 Rxa5 16. Bg2 Bb4 17. c3 dxc3 18. Qc2 Rxa3 19. Rxa3 Bxa3 20. O-O Bb4 21.
Nxc3 Bxc3 22. Qxc3 O-O 23. Qf3 Nd4 24. Qxb7 Qxb7 25. Bxb7 Nxf5 26. Rd1 Nd4 27.
g4 Rb8 28. Be4 Kg7 29. Kg2 Rb4 30. Rd2 Rb3 31. f3 Re3 32. Kf2 Rc3 33. h4 h6 34.
h5 Ra3 35. Rb2 Ra7 36. Rb6 Ra2+ 37. Ke3 Ra3+ 38. Kf2 Rb3 39. Ra6 Rb2+ 40. Ke3
Ne6 41. Rd6 Nf4 42. Rd2 Ng2+ 43. Kd3 Rxd2+ 44. Kxd2 Kf8 45. Kd3 Ke7 46. Kc4 Kd6
47. Kd3 Nf4+ 48. Ke3 Kc5 49. Bh7 Kd5 50. Bg8 Ke6 51. Bh7 Nd5+ 52. Kd3 Ne7 53.
Ke4 Kd6 54. f4 Ke6 55. Kf3 exf4 56. Kxf4 f5  0-1

[Event "Summer Prague Open 2020 - A"]
[Site "Olympik hotel, Sokolovska 138, Praha"]
[Date "2020.08.09"]
[Round "3"]
[Board "20"]
[White "Buchenau, Frank"]
[Black "Babula, Milan"]
[Result "1/2-1/2"]
[WhiteElo "2318"]
[BlackElo "2160"]
[PlyCount "99"]
[EventDate "2020.08.08"]
[EventRounds "9"]
[EventCountry "CZE"]

1. e4 e6 2. d4 d5 3. Nd2 Nc6 4. Ngf3 Nh6 5. c3 f5 6. exd5 exd5 7. Nb3 Nf7 8.
Bb5 Be7 9. O-O O-O 10. Re1 Bd7 11. Nc5 Bxc5 12. dxc5 Nce5 13. Bf1 Nxf3+ 14.
Qxf3 c6 15. Be3 Ng5 16. Bxg5 Qxg5 17. c4 f4 18. cxd5 Bg4 19. Qc3 cxd5 20. Re5
Rf5 21. Rae1 Rd8 22. Qd4 Rxe5 23. Rxe5 Qf6 24. b4 Be6 25. a4 a6 26. Bd3 Bf7 27.
g3 fxg3 28. hxg3 h6 29. f4 Kf8 30. Kg2 Bg6 31. Bxg6 Qxg6 32. b5 axb5 33. axb5
Qb1 34. b6 Qb3 35. f5 Qa2+ 36. Kh3 Qb1 37. Kg2 Qa2+ 38. Kf3 Qb3+ 39. Kg4 Qa2
40. f6 gxf6 41. Re6 Qc4 42. Rxf6+ Ke7 43. Qxc4 dxc4 44. Rf4 c3 45. Rc4 Rd3 46.
c6 bxc6 47. Rxc6 Rd6 48. Rc7+ Kd8 49. Rxc3 Rxb6 50. Re3  1/2-1/2